| 000 | 00393nam a2200145Ia 4500 | ||
|---|---|---|---|
| 008 | 220803s9999 xx 000 0 und d | ||
| 020 | _a9781908967008 | ||
| 041 | _aeng | ||
| 082 | _a729 COL | ||
| 100 |
_aCollina L _927418 |
||
| 245 | _aReconnecting Cultures : The Architecture Of ROCCO Design | ||
| 260 |
_aLondon _bArtifice Books On Architecture. _c2013 |
||
| 300 | _a238p | ||
| 500 | _aARCHI | ||
| 999 |
_c17476 _d17476 |
||